000 00431nam a2200169 a 4500
001 23640
005 20180713221732.0
008 140415s1948 mx 000 0 spa d
041 _aspa
082 _a972
_bAQU
245 0 0 _aAQUILES SERDAN
250 _a1a ed.
260 _aMEXICO :
_bPARTIDO REVOLUCIONARIO INSTITUCIONAL,
_c1948
300 _a67
500 _aCOLECCIÓN PUEBLA
650 1 4 _aHISTORIA
_xMEXICO
999 _c23640
_d23640